|
|
|
|
| LEADER |
01008nas a2200265 u 4500 |
| 001 |
10028856 |
| 003 |
upatras |
| 005 |
20210117195659.0 |
| 008 |
891030s1987 sw q p eng |
| 952 |
|
|
|0 0
|1 0
|4 0
|7 0
|9 22405
|a LISP
|b LISP
|c SER
|d 2016-04-24
|i 810
|l 0
|r 2016-04-24 00:00:00
|t 1
|w 2016-04-24
|y JNL
|
| 999 |
|
|
|c 13750
|d 13750
|
| 022 |
|
|
|a 0284-4311
|
| 040 |
|
|
|a GR-PaULI
|c GR-PaULI
|
| 041 |
0 |
|
|a eng
|
| 082 |
0 |
4 |
|a 617
|
| 110 |
|
0 |
|a Nordisk furening fur plastikkirurgi
|9 24945
|
| 222 |
|
0 |
|a Scandinavian journal of plastic and reconstructive surgery and hand surgery
|b [Περιοδικό]
|
| 245 |
1 |
0 |
|a Scandinavian journal of plastic and reconstructive surgery and hand surgery
|h [Περιοδικό]
|
| 260 |
|
|
|a Stockholm
|b Almqvist & Wiksell Periodical Co
|
| 310 |
|
|
|a Τριμηνιαίο
|
| 362 |
0 |
|
|a 15(1981) - 27(1993)
|
| 710 |
2 |
|
|a Nordisk klubb fur handkirurgi
|9 24946
|
| 852 |
|
|
|a GR-PaULI
|b ΠΑΤΡΑ
|b ΒΚΠ
|b N
|k ΠΕΡ
|m 810
|t 1
|3 15(1981)-27(1993)
|
| 866 |
|
|
|a 15(1981)-27(1993)
|
| 942 |
|
|
|2 ddc
|s 1
|c JNL
|